See!

Bibliographic Details
Main Author: Thompson, Ruth
Format: Book
Published: London : Watts Books , 1983
Subjects:

MARC

LEADER 00000cam a2200000 7i4500
001 0000006945
002 000007480
005 20000330.0
020 |a 074961675X 
090 0 0 |a J 612.8   |b THO 
100 1 |a Thompson, Ruth 
245 1 0 |a See!   |c Ruth Thompson 
260 |a London :   |b Watts Books ,   |c 1983 
300 |a 24 p. :   |b ill. ;   |c 23 cm. 
650 0 0 |a Sense   |x Juvenile literature 
999 |a 052508   |b BUKU   |c PINJAMAN   |e PERPUSTAKAAN KOMUNITI PETALING JAYA